| 000 | 00854cam a22002414a 4500 | ||
|---|---|---|---|
| 999 |
_c12192 _d12192 |
||
| 003 | OSt | ||
| 005 | 20231223132309.0 | ||
| 008 | 040610s2004 caua b 001 0 eng | ||
| 020 | _a9780892367757 | ||
| 041 | 1 |
_aeng _hgre |
|
| 043 | _ae-gr--- | ||
| 082 | 0 | 0 |
_a720.94 _222 _bBIR |
| 100 | 1 | _aBirēs, Manos G. | |
| 240 | 1 | 0 |
_aNeoklasikē architektonikē stēn Hellada. _lEnglish |
| 245 | 1 | 0 |
_aNeoclassical architecture in Greece / _cManos Biris, Maro Kardamitsi-Adami ; [David Hardy, translator]. |
| 260 |
_aLos Angeles : _bJ. Paul Getty Museum, _c2004. |
||
| 300 |
_a312 p. : _bill. (chiefly col.) ; _c30 cm. |
||
| 504 | _aIncludes bibliographical references (p. 305-307) and index. | ||
| 650 | 0 |
_aArchitecture _zGreece _xHistory _y19th century. |
|
| 650 | 0 |
_aNeoclassicism (Architecture) _zGreece. |
|
| 700 | 1 | _aKardamitsē-Adamē, Marō. | |
| 942 | _2ddc | ||